| 000 | 00807nam a2200181 i 4500 | ||
|---|---|---|---|
| 001 | 82868 | ||
| 003 | ES-MaACL | ||
| 005 | 20230906174738.0 | ||
| 007 | t| | ||
| 008 | 041112m19761982sp ||||1| spa d | ||
| 110 | 2 |
_aInstituto Nacional de Estadística (España). _bBiblioteca. _9166157 |
|
| 245 | 1 | 0 |
_aCatálogo de publicaciones estadísticas españolas / _cInstituto Nacional de Estadística. |
| 260 |
_aMadrid : _b[s.n., _c1976-1982] |
||
| 300 |
_a3 v. ; _c24 cm. |
||
| 505 | 8 | _aV. I: Publicaciones del Instituto Nacional de Estadística. -- V. II: Publicaciones de los Ministerios Civiles, años 1976-1982. -- V. III: Apéndice, 1976-1982 (correspondiente al vol. 1) | |
| 610 | 2 | 4 |
_aInstituto Nacional de Estadística (España). _bBiblioteca- _vCatálogos. _9166158 |
| 852 |
_aES-MaACL _jP-1040 _bR.94483 |
||
| 999 |
_c82868 _d82868 |
||